Pirates of the Caribbean - characters by picture - Statistics

General Stats
  • This quiz has been taken 355 times
  • The average score is 13 of 32
Answer Stats
Picture Answer % Correct
Captain Jack Sparrow
100%
Davy Jones
92%
Will Turner
92%
Hector Barbossa
91%
Blackbeard
75%
Elizabeth Swann
73%
Bill Turner
72%
Joshamee Gibbs
72%
Armando Salazar
61%
James Norrington
55%
Lord Cutler Beckett
52%
Henry Turner
44%
Tia Dalma
40%
Cotton
38%
Governor Swann
38%
Angelica Teach
31%
Sao Feng
30%
Ragetti
27%
Pintel
26%
King George II
23%
Marty
21%
Carina Smyth
20%
Syrena
20%
Edward Teague
17%
Mercer
14%
Scrum
13%
Philip
10%
Bo'sun
5%
Gunner
4%
Tai Huang
3%
Quatermaster
2%
Shansa
2%
No matching quizzes found
Score Distribution
Percent of People with Each Score
Percentile by Number Answered
Your Score History
You have not taken this quiz